| 000 | 00623nam a2200205Ia 4500 | ||
|---|---|---|---|
| 005 | 20250508165140.0 | ||
| 008 | 008 250505s9999 xx 000 0 eng d | ||
| 020 | _a978-0-415-96528-6 | ||
| 037 | _aTextBook | ||
| 040 |
_aFEDL _beng _cFEDL |
||
| 041 |
_aeng _2eng |
||
| 084 |
_a507.1, WIL/R _qFEDL |
||
| 100 |
_aWilliams James D _9501399 |
||
| 245 | 0 | _aHow science works: Teaching and learning in the science classroom | |
| 260 |
_aLondon, UK _bContinuum International Publishing Group _c2011 |
||
| 300 | _aviii,156p. | ||
| 365 |
_aGBP _b19.99 |
||
| 942 |
_cTB _h507.1, WIL/R |
||
| 999 |
_c1393426 _d1393426 |
||